Lecciones de Derecho Constitucional.
保存先:
| 第一著者: | |
|---|---|
| フォーマット: | 不明 |
| 言語: | 英語 |
| 出版事項: |
Santiago, Chile:
Ediciones Jurídicas de Santiago,
2024.
|
| 版: | Primera edición. |
| 主題: | |
| タグ: |
タグ追加
タグなし, このレコードへの初めてのタグを付けませんか!
|
MARC
| LEADER | 00000 a2200000 4500 | ||
|---|---|---|---|
| 003 | CL-VaPUC | ||
| 005 | 20250423160735.0 | ||
| 008 | 241030t2024 ||||| |||| 00| 0 eng d | ||
| 999 | |c 445345 |d 445343 | ||
| 020 | |a 978-956-6178-99-6 (obra completa) | ||
| 020 | |a 978-956-6376-00-2 (t.I) | ||
| 020 | |a 978-956-6376-01-9 (t.II) | ||
| 040 | |c Pontificia Universidad Católica de Valparaíso | ||
| 082 | |2 22 |a 342.83 ZUÑ 2024 | ||
| 100 | |a Zúñiga Urbina, Francisco Octavio |9 497675 |e autor | ||
| 245 | |a Lecciones de Derecho Constitucional. | ||
| 250 | |a Primera edición. | ||
| 260 | |a Santiago, Chile: |b Ediciones Jurídicas de Santiago, |c 2024. | ||
| 300 | |a 2 Tomos. | ||
| 505 | |a t.I: - Estudios políticos. - Introducción al Derecho Constitucional. - Historia constitucional de Chile. - Dogmática constitucional (Primera parte). t.II: - Dogmática constitucional (Segunda Parte). - Derechos, deberes y garantías constitucionales. - Derecho de excepción. | ||
| 583 | |k Yessy Díaz Vidal |c 20241030 | ||
| 650 | 0 | |9 222588 |a Derecho constitucional |x Fuentes e historia |z Chile | |
| 650 | 0 | |a Constitución política de Chile |x Derechos fundamentales |9 890575 | |
| 942 | |2 ddc |c BK | ||
| 952 | |0 0 |1 0 |2 ddc |4 0 |6 342_830000000000000_ZUÑ_2024 |7 0 |8 A |9 597653 |a BIBDER |b BIBDER |d 2024-10-29 |e 22 |g 29991.00 |h t.I |i 5663099 |l 2 |o 342.83 ZUÑ 2024 |p 5663099 |r 2024-12-10 |s 2024-12-04 |t 1 |v 29991.00 |w 2024-10-29 |y BK |k DER | ||
| 952 | |0 0 |1 0 |2 ddc |4 0 |6 342_830000000000000_ZUÑ_2024 |7 0 |8 A |9 597654 |a BIBDER |b BIBDER |d 2024-10-29 |e 22 |g 29991.00 |h t.II |i 5663100 |l 2 |o 342.83 ZUÑ 2024 |p 5663100 |r 2024-12-10 |s 2024-12-04 |t 1 |v 29991.00 |w 2024-10-29 |y BK |k DER | ||